00836nam a22002417a 450000500170000001000280001702000270004503500170007203500130008903700250010208200060012710000310013324501790016426000370034327000530038030000270043349000280046050000130048870000220050170000310052370000170055470000230057120190807124013.0 a1819CHEN B-717684-704 a9789386316042c199.00  aB-717684-704 aB-728522 bPragati Publications aS aSaint-Exupery, Antoine De  aThe little prince / cby Antoine De Saint-Exupery ; translated from the French by Katherine Woods; illustrated by Antoine De Saint-Exupery,Manish Singh and Manoj Kumar Prasad aNew Delhi bOm Kidzc2018(repr.) a107, Ansari Road, Darya GanjbNew Delhi e110002 a240p.:bill.c20cm(Hb) aOm illustrated classics aAirport  aWoods, Katherine  aSaint-Exupery, Antoine De  aManish Singh aManoj Kumar Prasad